[Event "Asia zt 3.1"]
[Site "Tehran"]
[Date "2017.07.03"]
[Round "4"]
[White "Omidi, Arya"]
[Black "Tajbakhsh, Ramtin"]
[Result "1-0"]
[WhiteElo "2415"]
[BlackElo "2018"]
[PlyCount "59"]
[EventDate "2017.06.30"]
[EventType "swiss"]
[EventRounds "9"]
[EventCountry "IRI"]
[SourceTitle "CBM 179 Extra"]
[Source "ChessBase"]
[SourceDate "2017.08.23"]
[SourceVersion "1"]
[SourceVersionDate "2017.08.23"]
[SourceQuality "1"]

1. e4 c6 2. Nc3 d5 3. Nf3 Bg4 4. h3 Bh5 5. exd5 cxd5 6. Bb5+ Nc6 7. g4 Bg6 8. Ne5 Rc8 9. d4 e6 10. Qe2 Bb4 11. h4 Nge7 12. h5 Be4 13. f3 0-0 14. Nxc6 Nxc6 15. Be3 e5 16. Bxc6 Rxc6 17. fxe4 Rxc3 18. 0-0-0 Qa5 19. bxc3 Bxc3 20. Rd3 dxe4 21. Rxc3 Qxc3 22. Kd1 exd4 23. Bd2 Qa1+ 24. Bc1 Qxa2 25. Qxe4 Rc8 26. Re1 h6 27. Qf5 Qc4 28. Qd3 Qa4 29. Re4 Rc3 30. Qxc3 1-0

[Event "Asia zt 3.1"]
[Site "Tehran"]
[Date "2017.07.02"]
[Round "3"]
[White "Tajbakhsh, Ramtin"]
[Black "Koniahli, Malek"]
[Result "1-0"]
[WhiteElo "2018"]
[BlackElo "2106"]
[PlyCount "57"]
[EventDate "2017.06.30"]
[EventType "swiss"]
[EventRounds "9"]
[EventCountry "IRI"]
[SourceTitle "CBM 179 Extra"]
[Source "ChessBase"]
[SourceDate "2017.08.23"]
[SourceVersion "1"]
[SourceVersionDate "2017.08.23"]
[SourceQuality "1"]

1. d4 Nf6 2. c4 e6 3. Nc3 Bb4 4. Qc2 b6 5. e4 Bb7 6. Bd3 d5 7. cxd5 exd5 8. e5 Ne4 9. a3 Bxc3+ 10. bxc3 c5 11. Ne2 f5 12. Nf4 c4 13. Bxe4 fxe4 14. a4 Qd7 15. Ba3 Qf5 16. Qd2 Nd7 17. 0-0 g5 18. Nh5 Qg4 19. Nf6+ Nxf6 20. exf6 Qf4 21. Qe2 g4 22. f3 Kf7 23. fxg4 Qg5 24. Rf5 Qg6 25. Raf1 Rae8 26. h3 Re6 27. Qe3 h6 28. Qf4 Rc8 29. Re5 1-0

[Event "Asia zt 3.1"]
[Site "Tehran"]
[Date "2017.06.30"]
[Round "1"]
[White "Tajbakhsh, Ramtin"]
[Black "Mohammed, Zozek Salah Mohamme"]
[Result "1/2-1/2"]
[WhiteElo "2018"]
[BlackElo "2304"]
[PlyCount "143"]
[EventDate "2017.06.30"]
[EventType "swiss"]
[EventRounds "9"]
[EventCountry "IRI"]
[SourceTitle "CBM 179 Extra"]
[Source "ChessBase"]
[SourceDate "2017.08.23"]
[SourceVersion "1"]
[SourceVersionDate "2017.08.23"]
[SourceQuality "1"]

1. d4 d5 2. c4 c6 3. cxd5 cxd5 4. Nc3 Nf6 5. Nf3 Nc6 6. Bf4 g6 7. e3 Bg7 8. Be2 0-0 9. 0-0 Bf5 10. Ne5 Rc8 11. Rc1 Nxe5 12. Bxe5 Ne4 13. Bxg7 Nxc3 14. bxc3 Kxg7 15. Qb3 Rc7 16. c4 dxc4 17. Bxc4 Qd6 18. Bd5 Bc2 19. Rxc2 Rxc2 20. Qxc2 Qxd5 21. Qa4 a6 22. Rc1 Rd8 23. Rc5 Qe4 24. h3 Rd5 25. Rc7 Rg5 26. g3 Rb5 27. Rc1 Rb2 28. Qa3 Re2 29. Qa5 Rxe3 30. Rf1 Re2 31. d5 Qf5 32. h4 Qe5 33. a3 e6 34. Rd1 exd5 35. Rxd5 Qa1+ 36. Kg2 Qf6 37. Qc5 b6 38. Qd4 Qxd4 39. Rxd4 Rb2 40. Rd7 Rb3 41. a4 Rb4 42. a5 bxa5 43. Rd6 h5 44. Rxa6 a4 45. Kf3 Rb3+ 46. Ke4 a3 47. Kf4 Kf8 48. Ke5 Kg7 49. Kf4 f6 50. f3 Kf7 51. g4 hxg4 52. fxg4 Rh3 53. h5 gxh5 54. gxh5 Kg7 55. h6+ Kg6 56. Kg4 Rxh6 57. Rxa3 f5+ 58. Kg3 Kg5 59. Ra5 Rb6 60. Kf2 Kg4 61. Ra3 Rb2+ 62. Kg1 f4 63. Kf1 Rb6 64. Kf2 Re6 65. Rb3 Rh6 66. Ra3 Rh2+ 67. Kg1 Rd2 68. Kf1 Kf5 69. Ke1 Rc2 70. Kf1 Ke4 71. Rb3 Rh2 72. Ra3 1/2-1/2

[Event "Asian Schools-ch 12th U15"]
[Site "Tehran"]
[Date "2016.07.14"]
[Round "6.4"]
[White "Myradow, Soltan"]
[Black "Tajbakhsh, Ramtin"]
[Result "0-1"]
[WhiteElo "1900"]
[BlackElo "2044"]
[PlyCount "62"]
[EventDate "2016.07.11"]
[EventType "swiss"]
[EventRounds "9"]
[EventCountry "IRI"]
[SourceTitle "EXT 2024"]
[Source "ChessBase"]
[SourceDate "2023.10.10"]
[SourceVersion "1"]
[SourceVersionDate "2023.10.10"]
[SourceQuality "1"]

1. d4 d5 2. c4 c6 3. Nc3 Nf6 4. Nf3 e6 5. Bg5 dxc4 6. e4 b5 7. e5 h6 8. Bh4 g5 9. Nxg5 hxg5 10. Bxg5 Nbd7 11. exf6 Bb7 12. h4 Qb6 13. Qg4 0-0-0 14. Be2 c5 15. dxc5 Nxc5 16. 0-0 Bh6 17. Bf3 Bxg5 18. hxg5 Rh7 19. g3 b4 20. g6 fxg6 21. Ne4 Rdh8 22. Rac1 Bd5 23. f7 Qc6 24. Qxg6 Bxe4 25. Bxe4 Rh1+ 26. Kg2 Nxe4 27. f8Q+ Rxf8 28. Rxh1 Nxf2+ 29. Kh2 Rh8+ 30. Kg1 Qxh1+ 31. Kxf2 Rh2+ 0-1